Individu et société en Dacie romaine

Titel: Individu et société en Dacie romaine : étude de démographie historique / Lucretiu Mihailescu-Bîrliba
Verfasser:
Veröffentlicht: Wiesbaden : Harrassowitz, 2004
Umfang: X, 166 Seiten : Diagramme
Format: Buch
Sprache: Französisch
Schriftenreihe/
mehrbändiges Werk:
Philippika ; 3
Schlagworte:
ISBN: 3447050381
Buchumschlag
X
alg: 12259367
001A    $00004:20-07-04 
001B    $01999:09-02-26 $t07:44:01.000 
001D    $00004:20-07-04 
001U    $0utf8 
001X    $00 
002@    $0Aau 
002C    $aText $btxt $2rdacontent 
002D    $aohne Hilfsmittel zu benutzen $bn $2rdamedia 
002E    $aBand $bnc $2rdacarrier 
003@    $0122593677 
003O    $055888105 $aOCoLC 
004A    $03-447-05038-1 
004K    $09783447050388 
006G    $0970944012 
006T    $004,N21,0526 
006U    $005,A08,0307 $f20040422 
007A    $0122593677 $aHEB 
007T    $0Herdd03408 
009P    $qapplication/pdf $A2 $3Inhaltsverzeichnis $uhttps://scans.hebis.de/HEBCGI/show.pl?12259367_toc.pdf $mV:DE-605;X:Imageware 
010@    $afre 
011@    $a2004 
021A    $aIndividu et société en Dacie romaine $détude de démographie historique $hLucretiu Mihailescu-Bîrliba 
028A    $BVerfasser $#Bîrliba, Lucreţiu Mihailescu- $#Mihailescu-Birliba, Lucretiu $#Mihăilescu-Bîrliba, Lucretiu $#Mihailescu Bûrliba, Lucretiu $#Bûrliba, Lucretiu Mihailescu- $4aut $D20231015 $Ecgwrk $71113551887 $8Mihailescu-Bîrliba, Lucreţiu$Z1971- [Tp3] $9386895317 
033A    $pWiesbaden $nHarrassowitz 
034D    $aX, 166 Seiten 
034M    $aDiagramme 
036E    $aPhilippika $l3 
036F    $x13 $8Philippika $9122593022 $l3 
039U    $aRezensiert in $8--Aox--Ulf, Christoph. Mihailescu-Bîrliba, Lucreţiu. Individu et société en Dacie romaine. - Wiesbaden : Harrassowitz. -  2004 [Rezension], 2007 $9394961471 
044K    $qDNB $#Dazien $#Dacia Dakien $#Dacien $74070197-9 $8Dakien [Tg1] $9085197475 
044K    $qDNB $RFamilienbeziehung $RFamilienkonstellation $#Families $#Famille $#Familienstruktur $#Familie Struktur $74274900-1 $8Familienstruktur [Ts1] $9086476254 
044K    $qDNB $RLebensalter $RSterbetafel $#Life expectancy $#Espérance de vie $#Speranza di vita $#Esperanza de vida $#Life Expectancy $#Sterblichkeit $#Lebenserwartung $#Statistische Lebenserwartung $74167016-4 $8Lebenserwartung [Ts1] $9085753149 
044K    $qDNB $RDemographie $#Age distribution (Demography) $#Répartition par âge (démographie) $#Distribución por edad (Demografía) $#age structure $#Altersstruktur $#Altersstruktur $#Altersstruktur $#Altersaufbau $#Altersgliederung $#Altersschichtung $#Alterspyramide $74124541-6 $8Altersstruktur [Ts1] $9085416045 
044K    $qDNB $RHeiratsantrag $RHochzeit $RVerheiratung $#Marriage $#Mariage $#Heirat $#Heirat $#Trauung $#Verehelichung $#Vermählung $74013657-7 $8Eheschließung [Ts1] $9085030228 
044K    $qDNB $RLetalität $RSterbeziffer $#Mortality $#Mortalité $#Mortalidad $#mortality $#Mortality $#Sterblichkeit $#Sterblichkeit $#Sterblichkeit $#Mortalität $74057312-6 $8Sterblichkeit [Ts1] $9085159492 
045B    $a939.8 $ALoC $eDDC22oclc 
045E    $c300 
045F    $a900.94390902 $eDDC23BSB 
045F/01 $a900 
045F/03 $f0902 
045F/03 $g439 
046X    $aArchivierung/Langzeitarchivierung gewährleistet $5DE-43 $fPEHE 

lok: 12259367 11

exp: 12259367 11 1 #EPN
201B/01 $021-02-13 $t03:23:29.000 
201C/01 $012-10-04 
201U/01 $0utf8 
203@/01 $0220498539 
208@/01 $a12-10-04 $bz 
209A/01 $a60 04 A 3569 $du $f100 $x00 
209C/01 $aP-04-2429 
209G/01 $a00792250 $x00 
247C/01 $8620100-3 <43>Wiesbaden, Hochschul- und Landesbibliothek RheinMain, Rheinstraße $9102599572 

lok: 12259367 25

exp: 12259367 25 1 #EPN
201B/01 $031-03-25 $t17:02:05.000 
201C/01 $030-12-04 
201U/01 $0utf8 
203@/01 $0223387479 
206W/01 $0/ 
208@/01 $a30-12-04 $bz 
209A/01 $aF 104/100 $dd $f086 $x00 
209C/01 $a229/2004 
209G/01 $a75366727 $x00 
209G/01 $aAlte Geschichte $x01 
247C/01 $8651086-3 <77/086>Mainz, Universität Mainz, Bereichsbibliothek Philosophicum, Standort Alte Geschichte $910260035X 

lok: 12259367 78

exp: 12259367 78 1 #EPN
201B/01 $019-04-17 $t14:55:22.000 
201U/01 $0utf8 
203@/01 $0791890198 
208@/01 $a12-11-16 $be 
209A/01 $a/ $f000 $x00 
220C/01 $aTitelaufnehmer: dt 
220C/01 $aAnmerkung: NG 
244Z/01 $2Trx $#Ungari $#Vengrija $#Ungārija $#Ungarn $#Hungary $#Węgry $#Maďarsko $#Maďarsko $#Uhorsko $#Uhersko;Uhry $8--Trx--Magyarország $x01 $9391197150 
244Z/01 $2Trx $#perekonna uuringud sotsioloogia $#šeimų tyrimai sociologija $#family research sociology $#családkutatás szociológia $#rodzina socjologia $#rodina sociológia $#rodina sociologie $8--Trx--Familienforschung$gSoziologie $x02 $9391362291 
244Z/01 $2Trx $#demograafia teaduslik $#demografija mokslas $#demography $#demográfia tudomány $#demografia nauka $#demografia náuka $#demografie nauka $8--Trx--Demographie$gWissenschaft $x03 $9391358634 
244Z/01 $2Trx $8--Trx--Monographie $x04 $9391384546 
245Z/01 $a06.02 $x01 
247C/01 $82080>Marburg/Lahn, Herder-Institut, Forschungsbibliothek, Bibliographieportal $9336309341 

lok: 12259367 205

exp: 12259367 205 1 #EPN
201B/01 $007-12-05 $t13:29:28.000 
201C/01 $020-07-04 
203@/01 $0217156819 
208@/01 $a20-07-04 $bz 
209A/01 $aC 2004/0032 $du $f000 $x00 
209C/01 $anel0412c 
209G/01 $a50160262 $x00 
247C/01 $8351000-1 <4>Marburg, Universität Marburg, Universitätsbibliothek $9102594767 
201U/01 $0utf8 

exp: 12259367 205 2 #EPN
201B/02 $012-08-19 $t12:57:48.000 
201C/02 $001-10-08 
201U/02 $0utf8 
203@/02 $0550587950 
208@/02 $a14-10-08 $bz 
209A/02 $a001 NZG S 58808 $db $f000 $x00 
209B/02 $a80 $x05 
209B/02 $a97 $x06 
209C/02 $a8a 2008/0168 
209G/02 $a69852548 $x00 
209G/02 $aFreihandbereich $x01 
220B/02 $aaltbik401 
247C/02 $8351000-1 <4>Marburg, Universität Marburg, Universitätsbibliothek $9102594767
LEADER 00000cam a2200000 c 4500
001 122593677
003 DE-603
005 20260209074401.0
007 tu
008 040720s2004 xx |||| | u00||u|fre
015 |a 05,A08,0307  |z 04,N21,0526  |2 dnb 
016 7 |2 DE-101  |a 970944012 
020 |a 3447050381 
024 3 |a 9783447050388 
035 |a (DE-599)HEB122593677 
035 |a (OCoLC)55888105 
040 |a DE-603  |b ger  |c DE-603  |d DE-603 
041 |a fre 
082 0 4 |8 1\u  |a 900.94390902  |q DE-101  |2 23/BSB 
083 7 |8 2\p  |a 939.8  |2 22/oclc 
084 |a 300  |q DE-101  |2 sdnb 
085 |8 1\u  |b 900 
085 |8 1\u  |z 1  |s 0902 
085 |8 1\u  |z 2  |s 439 
100 1 |a Mihailescu-Bîrliba, Lucreţiu  |d 1971-  |e Verfasser  |4 aut  |0 (DE-603)386895317  |0 (DE-588)1113551887  |2 gnd 
245 0 0 |a Individu et société en Dacie romaine  |b étude de démographie historique  |c Lucretiu Mihailescu-Bîrliba 
264 1 |a Wiesbaden  |b Harrassowitz  |c 2004 
300 |a X, 166 Seiten  |b Diagramme 
336 |a Text  |b txt  |2 rdacontent 
337 |a ohne Hilfsmittel zu benutzen  |b n  |2 rdamedia 
338 |a Band  |b nc  |2 rdacarrier 
490 1 |a Philippika  |v 3 
650 7 |a Familienstruktur  |0 (DE-588)4274900-1  |0 (DE-603)086476254  |2 gnd 
650 7 |a Lebenserwartung  |0 (DE-588)4167016-4  |0 (DE-603)085753149  |2 gnd 
650 7 |a Altersstruktur  |0 (DE-588)4124541-6  |0 (DE-603)085416045  |2 gnd 
650 7 |a Eheschließung  |0 (DE-588)4013657-7  |0 (DE-603)085030228  |2 gnd 
650 7 |a Sterblichkeit  |0 (DE-588)4057312-6  |0 (DE-603)085159492  |2 gnd 
651 7 |a Dakien  |0 (DE-588)4070197-9  |0 (DE-603)085197475  |2 gnd 
787 0 8 |i Rezensiert in  |a Ulf, Christoph  |t Mihailescu-Bîrliba, Lucreţiu. Individu et société en Dacie romaine. - Wiesbaden : Harrassowitz. - 2004 [Rezension]  |w (DE-603)394961471 
830 0 |t Philippika  |v 3  |w (DE-603)122593022  |w (DE-600)2171362-5  |9 13  |7 as 
856 4 2 |m V:DE-605;X:Imageware  |q application/pdf  |u https://scans.hebis.de/HEBCGI/show.pl?12259367_toc.pdf  |3 Inhaltsverzeichnis 
883 0 |8 2\p  |q LoC 
924 0 |9 43  |a (DE-603)220498539  |b DE-43  |c HES  |d c  |g 60 04 A 3569 
924 0 |9 77/086  |a (DE-603)223387479  |b DE-77-086  |c HES  |d d  |g F 104/100 
924 0 |9 2080  |a (DE-603)791890198  |b DE-2080  |c HES  |d d  |g / 
924 0 |9 4  |a (DE-603)217156819  |b DE-4  |c HES  |d c  |g C 2004/0032 
924 0 |9 4  |a (DE-603)550587950  |b DE-4  |c HES  |d c  |g 001 NZG S 58808  |h Freihandbereich